01225nam a2200169 45000010006000000050017000060100018000230900010000410990006000511000041000572000029000982140012001273300783001396100043009227000023009659950067009881405820260326153714.0 a9782807104549 a14058 o0 a20260326d u||y0frey50 ba aSemeurs de paniquebLIVR cLansman aDans la lointaine contrée du Limousin, c'est la canicule. Les rivières sont asséchées, les animaux ont soif et les humains restent les bras croisés. Il faut trouver un moyen pour que la pluie irrigue de nouveau ce pays asséché par le désespoir et la paresse des adultes. Jo, sept ans et demi, accompagné de Gentiane, sa grenouille de compagnie, part à la recherche d'un soi-disant cerf magique capable de régénérer le sol, les animaux et les hommes. Les deux amis devront affronter Desperanda qui a poussé les adultes à abandonner ce paradis terrestre à la cupidité et à la destruction. Armés de leur courage et d'un sens de l'organisation approximatif, Jo et Gentiane parviendront à faire reculer la sécheresse... en semant la panique. aécologieaforêtavivantarévolte aSouchaudbMathilde 2052026-03-26913949cJOLfJOL-007758kTH SOU 11o0bJOLrLIVR